Somewhere Only We Know - Keane (All Lyrics) - Statistics

General Stats
  • This quiz has been taken 2,781 times
  • The average score is 229 of 264
Answer Stats
Somewhere Only We Know % Correct
Verse 1 | Verse 2 I
99%
a
98%
on
97%
So
97%
an
96%
go
96%
go?
96%
the
96%
we
96%
somewhere
95%
Somewhere
95%
know?
94%
know
94%
me
94%
of
94%
of?
94%
only
94%
you
94%
be
93%
and
91%
Chorus And
91%
have
91%
to
91%
across
88%
my
88%
why
88%
don't
87%
empty
87%
this
87%
This
87%
where
87%
it
86%
walked
86%
gone?
84%
hand
84%
back
83%
I'm
83%
when
83%
end
82%
in
82%
land
82%
need
82%
Pre-Chorus Oh
82%
simple
82%
by
81%
could
81%
rely
81%
tell
81%
thing
81%
everything
80%
if
80%
getting
79%
Is
79%
knew
79%
let
79%
something
79%
you're
79%
gonna
78%
like
78%
place
78%
felt
77%
old
76%
minute
75%
about
74%
feet
74%
Talk
74%
that
74%
tired
74%
used
74%
begin
73%
complete
73%
dreaming
73%
been
72%
beneath
72%
earth
72%
made
71%
at
70%
I've
70%
came
69%
love?
69%
pathway
68%
looking
67%
tree
66%
river
64%
fallen
62%
Sat
57%
branches
53%
No matching quizzes found
Score Distribution
Percent of People with Each Score
Percentile by Number Answered
Your Score History
You have not taken this quiz